| 000 | 00851nam a22002297a 4500 | ||
|---|---|---|---|
| 005 | 20250613153024.0 | ||
| 008 | 250613b |||||||| |||| 00| 0 eng d | ||
| 020 | _a81-7205-025-9 (hbk) | ||
| 037 | _cRR | ||
| 040 |
_aCRL _cCRL |
||
| 041 |
_2pun _apun |
||
| 084 |
_aQ8441:21k 153Q7 _qCRL |
||
| 245 |
_aਨਾਵਾਂ ਤੇ ਥਾਵਾਂ ਦਾ ਕੋਸ਼ _b; complied by ਮਹਤਾਬ ਸਿੰਘ |
||
| 260 |
_aਅੰਮ੍ਰਿਤਸਰ, ਭਾਰਤ: _bਸਿੰਘ ਬ੍ਰਦਰਜ਼, _c2017. |
||
| 300 | _a176 ਪ. | ||
| 365 |
_b150.00 _cINR |
||
| 650 | _aਸਿੱਖ ਧਰਮ | ||
| 650 | _aਕੋਸ਼ | ||
| 700 |
_aਸਿੰਘ, ਮਹਤਾਬ _ecompiler _9812854 |
||
| 942 |
_2CC _cTB _hQ8441:21k 153Q7 _n0 |
||
| 999 |
_c1431722 _d1431722 |
||